000 00865nas a2200277 4500
001 BR0303807
003 BR-BrBNA
005 20231205103934.0
007 ta
008 230509b bl.|||p| |||| 00| 00por d
040 _aBR-BrBNA
_bpor
_cBiblioteca Nacional de Agricultura
041 _a(Pt)
072 _aH10
100 1 _aTeixeira, I.
100 1 _aBotton, M.
100 1 _aLoeck, A.E.
245 1 _aAvaliação de inseticidas visando ao controle de Eurhizococcus brasiliensis (Hempel)(Hemiptera: Margarodidae)em novos plantios de videira
650 _aUVA
650 _aPÉROLA DA TERRA
650 _aINSETICIDA
650 _aCONTROLE QUÍMICO
650 _aINSETO
773 0 _tNeotropical Entomology (Brazil)
_xISSN 1519-566X
_g(Jul-Sep 2002), v. 31(3) p. 457-461
_wBR0303807
909 _a202311
_bLúcia
_c55
_dLúcia Elande
942 _2AGRIS
_n0
_cANA
999 _c175545
_d175545